The life of Charles Dickens / (Record no. 54421)

MARC details
000 -LEADER
campo de control de longitud fija 00720nam a22002175i 4500
001 - NÚMERO DE CONTROL
campo de control 54421
003 - IDENTIFICADOR DE NÚMERO DE CONTROL
campo de control ES-MaACL
005 - FECHA Y HORA DE LA ÚLTIMA TRANSACCIÓN
campo de control 20230906162943.0
007 - CAMPO FIJO DE DESCRIPCIÓN FÍSICA--INFORMACIÓN GENERAL
campo de control de longitud fija t|
008 - DATOS DE LONGITUD FIJA--INFORMACIÓN GENERAL
campo de control de longitud fija 960722m18721874gw ||||1| eng d
080 ## - NÚMERO DE LA CLASIFICACIÓN DECIMAL UNIVERSAL
Número de la Clasificación Decimal Universal 929 Dickens, Charles
100 1# - ENTRADA PRINCIPAL--NOMBRE DE PERSONA
Nombre de persona Forster, John.
9 (RLIN) 51825
245 14 - MENCIÓN DEL TÍTULO
Título The life of Charles Dickens /
Mención de responsabilidad, etc. by John Forster.
260 ## - PUBLICACIÓN, DISTRIBUCIÓN, ETC.
Lugar de publicación, distribución, etc. Leipzig :
Nombre del editor, distribuidor, etc. Bernhard Tauchnitz,
Fecha de publicación, distribución, etc. 1872-1874.
300 ## - DESCRIPCIÓN FÍSICA
Extensión 3 v., [3] h. de lám. ;
Dimensiones 17 cm.
490 1# - MENCIÓN DE SERIE
Mención de serie Collection of British authors ;
Designación de volumen o secuencia 1203-04, 1288-89, 1391-92
600 14 - PUNTO DE ACCESO ADICIONAL DE MATERIA--NOMBRE DE PERSONA
Nombre de persona Dickens, Charles-
Subdivisión general Biografías.
9 (RLIN) 174104
830 0# - PUNTO DE ACCESO ADICIONAL DE SERIE-TÍTULO UNIFORME
Título uniforme Collection of British authors ;
Designación de volumen o secuencia 1203-04, 1288-89, 1391-92
9 (RLIN) 180703
852 4# - LOCALIZACIÓN
Ubicación ES-MaACL
Número de control de estantería G-11562-64
Holdings
Estatus retirado Estado de pérdida Estado de daño No para préstamo Colección Biblioteca de origen Biblioteca actual Ubicación en estantería Fecha de adquisición Fuente de adquisición Total de préstamos Signatura topográfica completa Código de barras Visto por última vez Precio de reemplazo Tipo de ítem Koha
        Libros del s. XIX Biblioteca del Ateneo de Madrid Biblioteca del Ateneo de Madrid Sala Pecera Planta 3 17/01/2008     G-11562-64 1057187 23/02/2023 23/02/2023 Libro impreso antiguo